Fr. Conceicao Rodrigues College of Engineering

Navin Kayde - 2001 (Bhart Shashan) (Record no. 20206)

MARC details
000 -LEADER
fixed length control field 00313nam a2200133Ia 4500
100 ## - MAIN ENTRY--PERSONAL NAME
Personal name Shard Chandra
245 ## - TITLE STATEMENT
Title Navin Kayde - 2001 (Bhart Shashan)
260 ## - PUBLICATION, DISTRIBUTION, ETC.
Name of publisher, distributor, etc. Navin Kayde Prakashan
300 ## - PHYSICAL DESCRIPTION
Extent 110
546 ## - LANGUAGE NOTE
Language note ENGLISH
650 ## - SUBJECT ADDED ENTRY--TOPICAL TERM
Topical term or geographic name entry element General
654 ## - SUBJECT ADDED ENTRY--FACETED TOPICAL TERMS
Focus term Navin Kayde - 2001 (Bhart Shashan)
942 ## - ADDED ENTRY ELEMENTS (KOHA)
Koha item type Reference Book
Holdings
Withdrawn status Lost status Damaged status Not for loan Collection Home library Current library Shelving location Date acquired Cost, normal purchase price Total Checkouts Full call number Barcode Date last seen Cost, replacement price Price effective from Koha item type
        AFT Fr. Agnel's C.Rodrigues College of Engineering Fr. Agnel's C.Rodrigues College of Engineering   17/03/2023 15.00   AFT7521 17/03/2023 15.00   Reference Book